Redes eléctricas, funcionamiento y protección / (Record no. 79288)

MARC details
000 -LEADER
campo de control de longitud fija 00657nam a2200181 i 4500
001 - NÚMERO DE CONTROL
campo de control 79288
003 - IDENTIFICADOR DE NÚMERO DE CONTROL
campo de control ES-MaACL
005 - FECHA Y HORA DE LA ÚLTIMA TRANSACCIÓN
campo de control 20230906173939.0
007 - CAMPO FIJO DE DESCRIPCIÓN FÍSICA--INFORMACIÓN GENERAL
campo de control de longitud fija t|
008 - DATOS DE LONGITUD FIJA--INFORMACIÓN GENERAL
campo de control de longitud fija 041020s1961 sp ||||1| spa d
100 1# - ENTRADA PRINCIPAL--NOMBRE DE PERSONA
Nombre de persona Henriet, Pierre.
9 (RLIN) 62575
245 10 - MENCIÓN DEL TÍTULO
Título Redes eléctricas, funcionamiento y protección /
Mención de responsabilidad, etc. por Pierre Henriet ; traducción española por Elías del Yerro Sánchez Monge ; prólogo de Clemente Cebrián Martínez.
260 ## - PUBLICACIÓN, DISTRIBUCIÓN, ETC.
Lugar de publicación, distribución, etc. Madrid :
Nombre del editor, distribuidor, etc. Mayo,
Fecha de publicación, distribución, etc. [1961]
300 ## - DESCRIPCIÓN FÍSICA
Extensión XIX, 362 p. ;
Dimensiones 25 cm.
700 1# - ENTRADA AGREGADA--NOMBRE PERSONAL
Nombre de persona Yerro Sánchez Monge, Elías del.
9 (RLIN) 117627
700 1# - ENTRADA AGREGADA--NOMBRE PERSONAL
Nombre de persona Cebrián Martínez, Clemente.
9 (RLIN) 37302
852 ## - LOCALIZACIÓN
Ubicación ES-MaACL
Número de control de estantería C-19618
Sublocalización o colección R.47497
Holdings
Estatus retirado Estado de pérdida Estado de daño No para préstamo Biblioteca de origen Biblioteca actual Ubicación en estantería Fecha de adquisición Fuente de adquisición Total de préstamos Signatura topográfica completa Código de barras Visto por última vez Precio de reemplazo Tipo de ítem Koha
        Biblioteca del Ateneo de Madrid Biblioteca del Ateneo de Madrid Galería 17/01/2008     C-19618 1082915 23/02/2023 23/02/2023 Libro impreso